История России с древнейших времен до конца XX века: учебное пособие; Кн. 1; История России с древнейших времен до конца XVII века

Dettagli Bibliografici
Altri autori: Сахаров А. Н. (редактор), Новосельцев А. П.
Riassunto:Исключено из фонда НТБ ТПУ
Lingua:russo
Pubblicazione: Москва, АСТ, 1996
Natura: Libro
KOHA link:https://koha.lib.tpu.ru/cgi-bin/koha/opac-detail.pl?biblionumber=2291

MARC

LEADER 00000nam0a2200000 4500
001 2291
005 20231030173802.0
010 |a 5881966325 
035 |a (RuTPU)RU\TPU\book\2300 
035 |a BOOK00002304 
090 |a 2291 
100 |a 20011209d1996 m y0rusy50 ca 
101 0 |a rus 
102 |a RU 
105 |a a j 000zy 
200 1 |a История России с древнейших времен до конца XX века  |e учебное пособие  |f Под ред. А. Н. Сахарова, А. П. Новосельцева  |h Кн. 1  |i История России с древнейших времен до конца XVII века 
210 |a Москва  |c АСТ  |d 1996 
215 |a 576 с.  |c ил. 
333 |a Исключено из фонда НТБ ТПУ 
702 1 |a Сахаров  |b А. Н.  |4 340 
702 1 |a Новосельцев  |b А. П.  |4 340 
801 0 |a RU  |b 63413507  |c 20011209  |g PSBO 
801 2 |a RU  |b 63413507  |c 20211015  |g PSBO 
942 |c BK